000 00954nam a2200253Ia 4500
003 OSt
005 20220923220222.0
006 a|||||r|||| 00| 0
007 ta
008 220922b |||||||| |||| 00| 0 hin d
024 _a185,168
037 _cTextual
040 _aARTS
_cARTS
_bhin
041 _2hin
_ahin
082 _aO152,1N112:g, M5
100 _aसेडमकर, छाया
245 0 _aनयी कविता की भूमिका वचनदेव कुमार के सन्दर्भ में
246 _aNayī kavitā kī bhūmikā vachanadev kumār ke sandarbha mean
260 _aनई दिल्ली
_b दिग्दर्शन चनणजैन प्रकाशन
_c1985
300 _a97 पृ.
_ccm.
650 _aहिन्दी साहित्य
_9156264
942 _hO152,1N112:g, M5
_cTEXL
_2CC
999 _c338414
_d338414